Visualizzazione normale
Vista MARC
- Gil Albacete, Álvaro
di Personal Name
Records bibliografici associati: 1
001 - CONTROL NUMBER
- control field: 22627
003 - CONTROL NUMBER IDENTIFIER
- control field: IT-RoINE
005 - DATE AND TIME OF LATEST TRANSACTION
- control field: 20160216094743.0
008 - FIXED-LENGTH DATA ELEMENTS
- fixed length control field: 160216|| aca||aabn | a|a d
040 ## - CATALOGING SOURCE
- Original cataloging agency: IT-RoINE
- Transcribing agency: IT-RoINE
100 ## - HEADING--PERSONAL NAME
- Personal name: Gil Albacete, Álvaro
670 ## - SOURCE DATA FOUND
- Source citation: Work cat.: (IT-RoINE)0: Hartzenbusch, Juan Eugenio, 1806-1880 16350, Los amantes de Teruel ;, 1954.